Library Logo

Pioneer International University Library Catalogue

DECIPHERING THE PAST/ (Record no. 9823)

MARC details
000 -LEADER
fixed length control field 00495nam a22001697a 4500
003 - CONTROL NUMBER IDENTIFIER
control field OSt
005 - DATE AND TIME OF LATEST TRANSACTION
control field 20251118081342.0
008 - FIXED-LENGTH DATA ELEMENTS--GENERAL INFORMATION
fixed length control field 251118b |||||||| |||| 00| 0 eng d
020 ## - INTERNATIONAL STANDARD BOOK NUMBER
International Standard Book Number 076078177
040 ## - CATALOGING SOURCE
Transcribing agency BARNES &NOBLE
050 ## - LIBRARY OF CONGRESS CALL NUMBER
Classification number CC 77 .A44 2004
Item number .A44 2004
245 ## - TITLE STATEMENT
Title DECIPHERING THE PAST/
Statement of responsibility, etc. ALLAN ,TONY
250 ## - EDITION STATEMENT
Edition statement 1ST EDITION
260 ## - PUBLICATION, DISTRIBUTION, ETC.
Place of publication, distribution, etc. NEW YORK:
Name of publisher, distributor, etc. BARNES & NOBLE,
Date of publication, distribution, etc. 2004
300 ## - PHYSICAL DESCRIPTION
Extent 160 pages,
Other physical details hardcover, ill. : col, includes bibliographic index,
Dimensions 29.6 cm
942 ## - ADDED ENTRY ELEMENTS (KOHA)
Source of classification or shelving scheme Library of Congress Classification
Koha item type Books
Suppress in OPAC No
Holdings
Withdrawn status Lost status Source of classification or shelving scheme Damaged status Not for loan Home library Current library Date acquired Total checkouts Barcode Date last seen Price effective from Koha item type
    Library of Congress Classification     PIU Library PIU Library 11/18/2025   PIUDL790 11/18/2025 11/18/2025 Books